| 000 | 00532nam a2200181 4500 | ||
|---|---|---|---|
| 001 | 106990 | ||
| 003 | ES-MaACL | ||
| 005 | 20230906184325.0 | ||
| 007 | t| | ||
| 008 | 061121s1967 sp r ||||1| spa d | ||
| 100 | 1 |
_aMorero, Vittorio. _983466 |
|
| 245 | 1 | 3 |
_aLa iglesia ante el futuro / _cVittorio Morero; Traducido por Gabriella Scotto. |
| 250 | _a1. ยช ed. | ||
| 260 |
_aBarcelona : _bCultura Popular, _c1967. |
||
| 300 |
_a246 p. ; _c21 cm. |
||
| 700 | 1 |
_aScotto, Gabriella. _9104962 |
|
| 852 |
_aES-MaACL _jC-31867 _bR.62548 |
||
| 999 |
_c106990 _d106990 |
||